The world's news media : a comprehensive reference guide
Saved in:
| Other Authors: | |
|---|---|
| Format: | Book |
| Language: | English |
| Published: |
London :
Longman current affairs,
1991
|
| Subjects: | |
| Tags: |
Add Tag
No Tags, Be the first to tag this record!
|
MARC
| LEADER | 00000nam a2200000 i 4500 | ||
|---|---|---|---|
| 001 | 1/20049 | ||
| 008 | 960704s1991 eng d | ||
| 020 | |a 0-582-08554-3 | ||
| 035 | |l 10021478 | ||
| 040 | |a GR-MY-UA |b gre |e aacr | ||
| 041 | 0 | |a eng | |
| 082 | 0 | |a 302.23074 | |
| 245 | 1 | 4 | |a The world's news media : |b a comprehensive reference guide / |c Edited by:Harry Drost |
| 260 | |a London : |b Longman current affairs, |c 1991 | ||
| 300 | |a 604 p. | ||
| 650 | 0 | 0 | |a Mass media |x Handbooks, manuals, etc. |
| 650 | 0 | 0 | |a Press |x Handbooks, manuals, etc. |
| 700 | 1 | |a Drost, Harry. |4 edt | |
| 852 | |a INST |b CHIOS |e 19960704 |h 302.23074 WOR |p 005200007320 |q 005200007320 |t REF |y 23 | ||
| 909 | |a Χ |b 037692 | ||